Library of the University of Algiers 3
Ibrahim Sultan Cheibout
شعار جامعة الجزائر 3
مكتبة جامعة الجزائر 3
إبراهيم سلطان شيبوط

الدليل الشامل الى : (رقم التسجيلة. 45641)

تفاصيل مارك
000 -LEADER
fixed length control field 01058nam a2200229Ia 4500
003 - CONTROL NUMBER IDENTIFIER
control field Ost
005 - DATE AND TIME OF LATEST TRANSACTION
control field 20260507075653.0
008 - FIXED-LENGTH DATA ELEMENTS--GENERAL INFORMATION
fixed length control field 260507s9999||||xx |||||||||||||| ||und||
020 ## - INTERNATIONAL STANDARD BOOK NUMBER
International Standard Book Number 4759215977
040 ## - CATALOGING SOURCE
Transcribing agency fsecg
041 ## - LANGUAGE CODE
Language code of text/sound track or separate title ara
082 ## - DEWEY DECIMAL CLASSIFICATION NUMBER
Classification number 330.121
100 ## - MAIN ENTRY--PERSONAL NAME
Personal name الأشوح، زينب صالح
Relator term مؤلف
245 #0 - TITLE STATEMENT
Title الدليل الشامل الى :
Remainder of title الإقتصاد الإسلامي بين البحث والنظرية والتطبيق /
Statement of responsibility, etc. زينب صالح الأشوح
260 ## - PUBLICATION, DISTRIBUTION, ETC.
Place of publication, distribution, etc. القاهرة:
Name of publisher, distributor, etc. دار غريب للنشر والتوزيع,
Date of publication, distribution, etc. 2004
300 ## - PHYSICAL DESCRIPTION
Extent 534 صفحة؛
Other physical details إيضاحات ؛
Dimensions 25 سم
504 ## - BIBLIOGRAPHY, ETC. NOTE
Bibliography, etc. note المراجع ص. 528
520 ## - SUMMARY, ETC.
Summary, etc. تعريف الإقتصاد الاسلامي وخصائصه وكيفية البحث فيه- بعض خصائص الإقتصاد الإسلامي والدلائل النظرية على فعاليته- كيفية البحث في مجال الإقتصاد الإسلامي.
653 ## - INDEX TERM--UNCONTROLLED
Uncontrolled term الإقتصاد الاسلامي
653 ## - INDEX TERM--UNCONTROLLED
Uncontrolled term النظريات
942 ## - ADDED ENTRY ELEMENTS (KOHA)
Koha item type كتب

لا توجد مواد متاحة.

موارد الويب المفتوحة


© University of Algiers 3 All Rights Reserved
|
Implemented by LECHELAH Riad